Follow That Lyric: Hamilton Quiz Stats

Quiz Updated May 1, 2018

Challenge
Share
Tweet
Embed
Score 0/26 Timer 08:00
49 Plays Today
% Correct
At how lucky we are to be alive right now
90.5%
I'm young, scrappy, and hungry
90.3%
What'll you fall for?
89.5%
Running out of time?
89.2%
At least I keep his eyes in my life
88.9%
I'm 'a gonna compel him to include women in the sequel
87%
Something they can never take away
85.7%
I will send a fully armed battalion to remind you of my love
85.5%
At least they know I know where France is
83.5%
Diametric'ly opposed, foes
81.4%
I'll see you on the other side of the war
81.3%
Yo yo yo yo yo! What time is it?
81%
Uh...do whatever you want, I'm super dead
79.2%
% Correct
The world seemed to burn
79.1%
Your debts are paid cuz you don't pay for labor
78%
You can't put it out from inside the house
77.2%
John Adams doesn't have a real job anyway
76%
Next to Washington, they all look small
76%
Oh my God. Tear this dude apart
75.8%
That's one less thing to worry about
75.4%
I'm runnin' with the Sons of Liberty and I am lovin' it
75%
No more mister nice President
72.8%
Most disputes die, and no one shoots
72.7%
Awesome. Wow
71%
We know it's lose-lose
70.8%
So? Nobody needs to know
67.1%

You're not logged in!

Compare scores with friends on all Sporcle quizzes.
Join for Free
OR
Log In

You Might Also Like...

Show Comments

Extras

Top Quizzes Today


Score Distribution

Your Account Isn't Verified!

In order to create a playlist on Sporcle, you need to verify the email address you used during registration. Go to your Sporcle Settings to finish the process.

Report this User

Report this user for behavior that violates our Community Guidelines.

Details: